000
00327nam a2200109Ia 4500
008
171204s9999 xx 000 0 und d
245
_a
Web Developer's Reference Guide:
245
_c
Joshua Johanan, Ricardo Zea, and Talha Khan
260
_c
2016
650
_x
Web Design
856
_u
http://down.ebook777.com/049/1783552131.pdf
999
_c
345998
_d
345998